000 00587nam a2200193Ia 4500
003 IN-BaIIA
008 211028s9999 xx 000 0 eng d
040 _cIIA Library
080 _a52-54
_bSHA
100 _aShahrokh, K Bahman
_914130
245 0 _ainter-Relationships of the Evolutionary Systems
_cK Bahman Shahrokh
260 _aPortland
_bBinford and Mort
_c1977
300 _a302p.
650 _aAstronomy
_980
650 _aAstronomy and Astrophysics thesaurus
650 _aStellar Evolution
650 _aUniverse
_91987
942 _cBK
999 _c8432
_d8432